| 000 | 00484nam a2200169Ia 4500 | ||
|---|---|---|---|
| 999 |
_c20573 _d20573 |
||
| 003 | OSt | ||
| 005 | 20200624121357.0 | ||
| 008 | 190216s9999||||xx |||||||||||||| ||und|| | ||
| 020 | _a8170760313 | ||
| 040 | _coclc | ||
| 082 |
_a954 _bBIS/H |
||
| 100 |
_aBiswas, Oneil _93178 |
||
| 245 | 0 |
_aHistory Of India`s Freedom Movement / _cOneil Biswas |
|
| 260 |
_bGalaxy Publications, _c1990. _aNew Delhi: |
||
| 300 | _a133p | ||
| 942 |
_cBK _2ddc _h954 _iBIS/H _k954 _mBIS/H |
||